000 00794nam a22002178a 4500
020 _a0064410226
040 _cDLC
082 0 0 _a813 HAR 2002 A094 Or.
100 1 _aGantos, Jack.
245 1 0 _aJoey Pigza loses control /
250 _a1st Harper Trophy ed.
260 _aNew York :
_bHarperTrophy,
_c2002.
300 _a195 p. ;
_c19 cm.
500 _aSequel to: Joey Pigza swallowed the key.
520 _aJoey, who is still taking medication to keep him from getting too wired, goes to spend the summer with the hard-drinking father he has never known and tries to help the baseball team he coaches win the championship.
650 0 _aAttention-deficit hyperactivity disorder
650 0 _aFathers and sons
650 0 _aBaseball stories.
650 0 _aAlcoholism
942 _cEK
999 _c12715
_d12715